TV Title Role Actors II Quiz Stats

 Plays Quiz Updated Jun 8, 2017

Challenge
Share
Tweet
Embed
Score 0/48 Timer 08:00
3 Plays Today
TV Show Actor % Correct
The Fresh Prince of Bel-Air
(NBC, 1990-'96)
Will Smith
98.6%
Knight Rider
(NBC, 1982-'86)
David Hasselhoff
74.9%
Batman
(ABC, 1966-'68)
Adam West
74%
Magnum, P.I.
(CBS, 1980-'88)
Tom Selleck
71.4%
Joey
(NBC, 2004-'06)
Matt LeBlanc
71.1%
Walker, Texas Ranger
(CBS, 1993-'01)
Chuck Norris
69.3%
According to Jim
(ABC, 2001-'09)
Jim Belushi
66.5%
Becker
(CBS, 1998-'04)
Ted Danson
64.8%
Buffy the Vampire Slayer
(WB, 1997-'03)
Sarah Michelle Gellar
64.2%
Matlock
(NBC, 1986-'95)
Andy Griffith
63.7%
The Nanny
(CBS, 1993-'99)
Fran Drescher
60%
Columbo
(NBC, 1971-'78)
Peter Falk
58.6%
T.J. Hooker
(ABC, 1982-'85)
William Shatner
58.3%
Suddenly Susan
(NBC, 1996-'00)
Brooke Shields
56.3%
King of Queens
(CBS, 1998-'07)
Kevin James
54.3%
Cybill
(CBS, 1995-'98)
Cybill Shepherd
52.5%
Sabrina, the Teenage Witch
(ABC, 1996-'03)
Melissa Joan Hart
51.3%
Archie Bunker's Place
(CBS, 1979-'83)
Carroll O'Connor
50.7%
Wonder Woman
(ABC, 1975-'79)
Lynda Carter
49.8%
Ugly Betty
(ABC, 2006-'10)
America Ferrera
49.4%
Mr. Bean
(ITV, 1990-'95)
Rowan Atkinson
48.4%
Lou Grant
(CBS, 1977-'82)
Ed Asner
47.9%
I Dream of Jeannie
(NBC, 1965-'70)
Barbara Eden
47.7%
Veronica's Closet
(NBC, 1997-'00)
Kirstie Alley
46.6%
TV Show Actor % Correct
The Rockford Files
(NBC, 1974-'80)
James Garner
45.4%
The Six Million Dollar Man
(ABC, 1974-'78)
Lee Majors
44.7%
The Larry Sanders Show
(HBO, 1992-'98)
Garry Shandling
43.7%
Malcolm in the Middle
(FOX, 2000-'06)
Frankie Muniz
43.6%
Welcome Back, Kotter
(ABC, 1975-'79)
Gabe Kaplan
43.3%
Coach
(ABC, 1989-'97)
Craig T. Nelson
42.8%
Caroline in the City
(NBC, 1995-'99)
Lea Thompson
34.7%
MacGyver
(ABC, 1985-'92)
Richard Dean Anderson
34.3%
Get Smart
(CBS, 1965-'70)
Don Adams
34.1%
Rhoda
(CBS, 1974-'78)
Valerie Harper
33.7%
Blossom
(NBC, 1991-'95)
Mayim Bialik
31.7%
The Bionic Woman
(ABC, 1976-'78)
Lindsay Wagner
31.1%
Webster
(ABC, 1983-'88)
Emmanuel Lewis
29.5%
Grace Under Fire
(ABC, 1993-'98)
Brett Butler
27.7%
Angel
(WB, 1999-'04)
David Boreanaz
26.7%
Hogan's Heroes
(CBS, 1965-'71)
Bob Crane
25.7%
Dear John
(NBC, 1988-'92)
Judd Hirsch
23.6%
Alice
(CBS, 1976-'85)
Linda Lavin
23%
United States of Tara
(Showtime, 2009-'11)
Toni Collette
22.6%
Jesse
(NBC, 1998-'00)
Christina Applegate
21.6%
Judging Amy
(CBS, 1999-'05)
Amy Brenneman
19.2%
Joan of Arcadia
(CBS, 2003-'05)
Amber Tamblyn
15.3%
The Greatest American Hero
(ABC, 1981-'83)
William Katt
13.5%
The Single Guy
(NBC, 1995-'97)
Jonathan Silverman
12.3%

You're not logged in!

Compare scores with friends on all Sporcle quizzes.
Join for Free
OR
Log In

You Might Also Like...

Show Comments

Extras

Top Quizzes Today


Score Distribution

Your Account Isn't Verified!

In order to create a playlist on Sporcle, you need to verify the email address you used during registration. Go to your Sporcle Settings to finish the process.

Report this User

Report this user for behavior that violates our Community Guidelines.

Details: